| 000 | 01006cam a22003013a 4500 | ||
|---|---|---|---|
| 001 | 17364 | ||
| 003 | PGUSA | ||
| 005 | 20140828083354.0 | ||
| 008 | 051221s2005||||xxu|||||s|||||000 p eng d | ||
| 040 |
_aPGUSA _beng |
||
| 042 | _adc | ||
| 050 | 4 | _aPT | |
| 100 | 1 |
_aBraun, Wilhelm Alfred, _d1873- |
|
| 245 | 1 | 0 |
_aTypes of Weltschmerz in German Poetry _h[electronic resource] / _cWilhelm Alfred Braun |
| 260 |
_bProject Gutenberg, _c2005 |
||
| 500 | _aColumbia University series of Germanic studies, vol. II, no. II | ||
| 505 | 0 | _aIntroduction -- Hölderlin -- Lenau -- Heine -- Bibliography. | |
| 506 | _aPublic domain in the USA. | ||
| 516 | _aElectronic text | ||
| 653 | _aPessimism | ||
| 653 | _aHeine, Heinrich, 1797-1856 | ||
| 653 | _aLenau, Nicolaus, 1802-1850 | ||
| 653 | _aHölderlin, Friedrich, 1770-1843 | ||
| 653 | _aGerman poetry -- 19th century -- History and criticism | ||
| 830 | 0 |
_aProject Gutenberg _v17364 |
|
| 856 | 4 | 0 | _uhttp://www.gutenberg.org/ebooks/17364 |
| 942 | _cEB | ||
| 999 |
_c246619 _d246619 |
||